Wacky Races contestants - Statistics

General Stats
  • This quiz has been taken 83 times
  • The average score is 8 of 11
Answer Stats
Answer % Correct
Dick Dastardly
97%
Penelope Pitstop
91%
Peter Perfect
74%
Ant Hill Mob
71%
Slag brothers
69%
Professor Pat Pending
63%
Red Max
63%
Buzz Wagon
57%
Creepy Coupe
57%
Arkansas Chuggabug
54%
Army Surplus Special
54%
No matching quizzes found
Score Distribution
Percent of People with Each Score
Percentile by Number Answered
Your Score History
You have not taken this quiz